000 00638nam a2200241Ia 4500
003 OSt
005 20221005121004.0
006 a|||||r|||| 00| 0
007 ta
008 221004b |||||||| |||| 00| 0 eng d
024 _a61501
037 _cTextual
040 _aCRL
_cCRL
_beng
041 _2eng
_aeng
082 _aV2:51xM69w, 33J4
100 _aPischer Louis Au.
_9629929
245 0 _aGandhi
260 _c1954
650 _aINDIA - HISTORY
700 _a Savithramma M V Tr.
_9629930
942 _hV2:51xM69w, 33J4
_cTEXL
_2cc
999 _c1039773
_d1039773